00681cam a2200181 4500008004100000020001500041035001200056100002100068245012700089260003900216300002100255440003100276500005600307504002800363650005000391650003400441700002400475071105c20042004sp 000 0 spa u a8449315573 aa4659631 aLaval, Christian13aLa Escuela no es una empresa :bel ataque neoliberal a la enseñanza pública /cChristian Laval ; tr. de Jordi Terré. aBarcelona, Esp. :bPaidos, cc2004 a401 p. ,c22 cm. aPaidós Controversias ; 1 aTraducción de: L'école n'est pas une entreprise aIncluye bibliografías 4aEducación xAspectos económicos zFrancia 4aEscuelas públicas xFrancia1 aTerré, Jordi, tr.